Software para diseño de vigas y columnas convencionales; diseño sísmico de vigas, columnas y riostras en sistemas especiales de estructuras de acero y diseño de entrepiso por vibración debido a actividad humana
La investigación presenta un software para el diseño de vigas y columnas convencionales, diseña: vigas y columnas haciendo uso de las disposiciones del ASIC 360-10, vigas , columnas y riostras sísmicamente en SCBF, EBF y BRBF haciendo uso de las disposiciones sísmicas del AISC 341-10, AISC 327-...
| Main Authors: | , , |
|---|---|
| Other Authors: | |
| Format: | Tesis Section = Libro |
| Language: | Undetermined Spanish |
| Published: |
Managua
UNI
2020
|
| Subjects: |
| LEADER | 01610nam a2200289Ia 4500 | ||
|---|---|---|---|
| 008 | 240830s9999 xx 000 0 und d | ||
| 040 | |a BIBLIOTECA-RUPAP Mon 693.852 R621 | ||
| 041 | |a spa | ||
| 082 | |a Mon 693.852 R621 | ||
| 100 | 1 | |a Rivera Hernández, Geraldina de los Ángeles | |
| 100 | 1 | |b Poveda Téllez, Martha Sylene | |
| 100 | 1 | |c Mora Cajina, Keneth JosuéI | |
| 245 | 1 | 0 | |a Software para diseño de vigas y columnas convencionales; diseño sísmico de vigas, columnas y riostras en sistemas especiales de estructuras de acero y diseño de entrepiso por vibración debido a actividad humana |
| 260 | |a Managua |b UNI |c 2020 | ||
| 300 | |a 127 p. :il. | ||
| 500 | |a Contiene: anexos y CD. | ||
| 502 | |a Tesis (Ingeniero Civil)- UNI, 2020. | ||
| 520 | 3 | |a La investigación presenta un software para el diseño de vigas y columnas convencionales, diseña: vigas y columnas haciendo uso de las disposiciones del ASIC 360-10, vigas , columnas y riostras sísmicamente en SCBF, EBF y BRBF haciendo uso de las disposiciones sísmicas del AISC 341-10, AISC 327-10 y el ASCE/SEI 7-10, entrepiso por vibración producida por actividad humana en estructuras de acero; es decir, la sección compuesta de la lámina troquelada y capa de concreto haciendo uso de la guía de diseño número once del AISC 360-10 y AISC 327-10. | |
| 650 | 7 | |a DISEÑO SISMICO | |
| 650 | 7 | |b SISMORRESISTENTE | |
| 650 | 7 | |c CONSTRUCCIONES ANTISISMICAS | |
| 650 | 7 | |d DISEÑO DE VIGAS | |
| 650 | 7 | |e CARGA SISMICA | |
| 700 | 1 | |a Tutor: |b Jarquin Montalván, Yader | |
| 942 | |c BK |2 ddc | ||
| 991 | |a TESIS | ||
| 999 | |c 17943 | ||